School administration and supervision (Record no. 1944)
[ view plain ]
| 000 -LEADER | |
|---|---|
| fixed length control field | 00504nam a22001817a 4500 |
| 003 - CONTROL NUMBER IDENTIFIER | |
| control field | URS |
| 005 - DATE AND TIME OF LATEST TRANSACTION | |
| control field | 20220114141923.0 |
| 008 - FIXED-LENGTH DATA ELEMENTS--GENERAL INFORMATION | |
| fixed length control field | 190527s1961 ph |||| |||| 00| 0 eng d |
| 020 ## - INTERNATIONAL STANDARD BOOK NUMBER | |
| International Standard Book Number | 9716711090 |
| 040 ## - CATALOGING SOURCE | |
| Transcribing agency | URS |
| Language of cataloging | eng |
| Modifying agency | rda |
| 050 14 - LIBRARY OF CONGRESS CALL NUMBER | |
| Classification number | LB 2955 |
| Item number | .G821 1961 |
| 100 ## - MAIN ENTRY--PERSONAL NAME | |
| Personal name | Gregorio, Herman C. |
| 245 10 - TITLE STATEMENT | |
| Title | School administration and supervision |
| Statement of responsibility, etc. | Herman C. Gregorio |
| 264 ## - PRODUCTION, PUBLICATION, DISTRIBUTION, MANUFACTURE, AND COPYRIGHT NOTICE | |
| Place of production, publication, distribution, manufacture | Quezon City: |
| Name of producer, publisher, distributor, manufacturer | Garotech Publishing; |
| Date of production, publication, distribution, manufacture, or copyright notice | [1961] |
| 300 ## - PHYSICAL DESCRIPTION | |
| Extent | xiv 550 pages |
| Dimensions | 22 cm |
| 504 ## - BIBLIOGRAPHY, ETC. NOTE | |
| Bibliography, etc. note | Includes Index |
| 942 ## - ADDED ENTRY ELEMENTS (KOHA) | |
| Source of classification or shelving scheme | Library of Congress Classification |
| Koha item type | Filipiniana |
| Withdrawn status | Source of classification or shelving scheme | Damaged status | Not for loan | Home library | Current library | Date acquired | Total Checkouts | Full call number | Barcode | Date last seen | Price effective from | Koha item type | Collection code | Shelving location |
|---|---|---|---|---|---|---|---|---|---|---|---|---|---|---|
| Library of Congress Classification | Cainta College Library | Cainta College Library | 07/24/2016 | LB2955.G821 1961 | URSCAI-1156 | 07/25/2016 | 07/25/2016 | Filipiniana | ||||||
| Library of Congress Classification | Cainta College Library | Cainta College Library | 07/24/2016 | LB2955.G821 1961 | URSCAI-1157 | 07/25/2016 | 07/25/2016 | Filipiniana | ||||||
| Library of Congress Classification | Cainta College Library | Cainta College Library | 07/24/2016 | LB2955.G821 1961 | URSCAI-1158 | 07/25/2016 | 07/25/2016 | Filipiniana | Non-fiction | On Display | ||||
| Library of Congress Classification | Cainta College Library | Cainta College Library | 07/24/2016 | LB2955.G821 1961 | URSCAI-1159 | 07/25/2016 | 07/25/2016 | Filipiniana | ||||||
| Library of Congress Classification | Cainta College Library | Cainta College Library | 07/24/2016 | LB2955.G821 1961 | URSCAI-1160 | 07/25/2016 | 07/25/2016 | Filipiniana | ||||||
| Library of Congress Classification | Cainta College Library | Cainta College Library | 07/25/2016 | LB2955.G821 1961 | URSCAI-1161 | 07/25/2016 | 07/25/2016 | Filipiniana | Non-fiction | On Display |